000 00294nam a2200133Ia 4500
005 20251222143316.0
008 251222s9999||||xx |||||||||||||| ||spa||
020 _a84-7634-001-X
082 _a153.1/R28
100 _aRayner, C.
245 0 _aLa Mente Humana
264 _bOrbis
942 _cLIB
999 _c15898
_d15898